LEADER 01586nam a2200277 i 4500 001 000000155035 003 CaOOAMICUS 005 20090310000000.0 008 090310s1984 it u000 u ita u 013 $a132384 040 $aSeMil$bita 100 1 $aMazza, Carlo,$c.$0(OLS)http://semarc/name/46769 245 10$aMemorie storiche :$bsopra la religione, stato civile e politico a varie epoche della Vallassina con una disertazione preliminare sopra i pił antichi di lei monumenti /$cDi Carlo Mazza Proposto di Asso 1796 ; trascrizione integrale a cura di Armando Nava. 246 04$iTitolo in copertina:$aMemorie storiche della Vallassina : dal manoscritto del 1796 di Carlo Mazza 260 $a[Asso] :$bBiblioteca Comunale di Asso,$cstampa 1984. 300 $a250 p. :$bill. ;$c26 cm. 500 $aFondo Card. Giovanni Colombo. 650 4$aValassina.$0(OLS)http://semarc/subject/19655 700 1 $aNava, Armando.$0(OLS)http://semarc/name/60648 850 $aSeMil 852 $aSeMil$W1$xVenegono$y1$m3P III 318$j106886$B106886$CSeMilBibl$Z2$F142686 $81 941 1 $a3 961 $aLascito: Colombo Card. Giovanni 996 $6245$aMemorie storiche :$bsopra la religione, stato civile e politico a varie epoche della Vallassina con una disertazione preliminare sopra i pił antichi di lei monumenti$9(OLS)http://semarc/title/227004 996 $6246$aMemorie storiche della Vallassina : dal manoscritto del 1796 di Carlo Mazza$9(OLS)http://semarc/title/227005 996 $6260$a[Asso] :$bBiblioteca Comunale di Asso$9(OLS)http://semarc/publisher/48231 LEADER 00777nam a2200193 i 4500 001 000000022963 003 CaOOAMICUS 005 20180830125446.0 008 180830s1933 it u000 u ita u 040 $aSeMil$bita 100 1 $aBoccardo, Luigi.$0(OLS)http://semarc/name/10250 245 10$aContributo per esercizi spirituali ai sacerdoti /$ccan. Luigi Boccardo. 260 $aTorino :$bIstituto per Cieche,$c1933-1935. 300 $a2 v. ;$c20 cm. 650 4$aEsercizi spirituali.$0(OLS)http://semarc/subject/175 774 0 $tVia purgativa.$w()186131 774 0 $tVia illuminativa e unitiva.$w()186132 996 $6245$aContributo per esercizi spirituali ai sacerdoti$9(OLS)http://semarc/title/30763 996 $6260$aTorino :$bIstituto per Cieche$9(OLS)http://semarc/publisher/35797